000
00283nam a22001217a 4500
041
_a
ENG
100
_a
Guide.U
245
_a
For Distribution Only Witha New Pc
260
_a
Delhi
_b
Microsoft Corporation
_c
1991
300
_a
266
650
_a
Computer (22)
856
_u
Computer (22)
999
_c
3025
_d
3025